[Event "ch-Marshall CC"]
[Site "New York USA"]
[Date "2007.12.16"]
[Round "8"]
[White "Hess,Ro"]
[Black "Kudrin,S"]
[Result "1/2-1/2"]
[WhiteElo "2445"]
[BlackElo "2563"]

1.e4 c5 2.Nc3 g6 3.g3 Bg7 4.Bg2 Nc6 5.d3 d6 6.f4 e5 7.Nh3 Nge7 8.O-O exf4
9.Nxf4 Rb8 10.g4 h6 11.Be3 b5 12.Nfd5 Nxd5 13.Nxd5 Bxb2 14.h3 Be6 15.Rb1 Bg7
16.Qd2 b4 17.g5 Bxd5 18.exd5 Nd4 19.gxh6 Be5 20.Be4 O-O 21.Qg2 Kh8 22.Bg5 f6
23.Bh4 g5 24.Kh1 Qe8 25.Bg3 f5 26.c3 Bxg3 27.cxd4 fxe4 28.Qxg3 exd3 29.Qxd6 Qe4+
30.Kh2 Qe2+ 31.Kg3 Qe3+ 32.Kg2 Qe2+ 33.Kg3 Qe3+ 34.Kg2 Qe2+ 35.Kg3  1/2-1/2

[Event "Far West Open"]
[Site "Reno USA"]
[Date "2008.03.21"]
[Round "2"]
[White "Naroditsky,D"]
[Black "Kudrin,S"]
[Result "1/2-1/2"]
[WhiteElo "2205"]
[BlackElo "2566"]

1.Nf3 c5 2.g3 g6 3.Bg2 Bg7 4.O-O Nc6 5.d3 e5 6.e4 Nge7 7.Nbd2 O-O 8.Nc4 d6
9.Nh4 d5 10.exd5 Nxd5 11.Re1 Be6 12.Nf3 f6 13.a4 Qc7 14.c3 Rad8 15.Nfd2 Rfe8
16.Qe2 Bf7 17.Ne4 b6 18.Ne3 Qd7 19.Nxd5 Bxd5 20.g4 Na5 21.Be3 Be6 22.h3 Nb3
23.Rad1 Qxa4 24.Qf3 Rf8 25.Qg3 Qd7 26.f4 exf4 27.Bxf4 h6 28.Qe3 g5 29.Bh2 Bf7  1/2-1/2

[Event "Far West Open"]
[Site "Reno USA"]
[Date "2008.03.22"]
[Round "3"]
[White "Kudrin,S"]
[Black "Khachiyan,M"]
[Result "1/2-1/2"]
[WhiteElo "2566"]
[BlackElo "2520"]

1.e4 e5 2.Nf3 Nc6 3.Bc4 Bc5 4.c3 Nf6 5.d3 d6 6.O-O O-O 7.Re1 a6 8.Bb3 Ba7
9.h3 h6 10.Nbd2 Nh5 11.Nf1 Qf6 12.Be3 Nf4 13.Kh2 Be6 14.Bxa7 Rxa7 15.Ne3 Raa8
16.Ng1 Ne7 17.g3 Bxb3 18.axb3 Ne6 19.Rf1 g5 20.Qg4  1/2-1/2

[Event "Far West Open"]
[Site "Reno USA"]
[Date "2008.03.22"]
[Round "4"]
[White "Pearson,M"]
[Black "Kudrin,S"]
[Result "0-1"]
[WhiteElo "2143"]
[BlackElo "2566"]

1.d4 Nf6 2.c4 g6 3.Nc3 d5 4.Bf4 Bg7 5.Nf3 O-O 6.Rc1 dxc4 7.e3 Be6 8.Be5 c5
9.Ng5 Bg4 10.f3 Bc8 11.Bxc4 Nc6 12.O-O e6 13.f4 cxd4 14.exd4 b6 15.Qf3 Bb7
16.Qh3 h6 17.Nxf7 Rxf7 18.Qxe6 Qe7 19.Nb5 Qxe6 20.Bxe6 Nd8 21.Bxf7+ Nxf7
22.Rc7 Ba6 23.a4 Nd5 24.Rd7 Nf6 25.Re7 Nd5 26.Re6 g5 27.Rg6 Nxe5 28.fxe5 Nf4
29.Rxf4 Bxb5 30.Rf3 Bxa4 31.Ra3 Bc2 32.Rxb6 Bf8 33.Ra5 Be4 34.Rba6 Rd8 35.Rxa7 Rxd4
36.e6 Bb4 37.Rb5 Bd6 38.Kf2 Bc6 39.Rba5 Rf4+ 40.Ke2 Re4+ 41.Kd3 Rxe6 42.g3 Bb8
43.R7a6 Bc7 44.Rc5 Be4+ 45.Kd4 Rxa6 46.Rxc7 Ra4+ 47.Kc5 Ra2 48.Re7 Bf3  0-1

[Event "Far West Open"]
[Site "Reno USA"]
[Date "2008.03.23"]
[Round "5"]
[White "Sevillano,E"]
[Black "Kudrin,S"]
[Result "1/2-1/2"]
[WhiteElo "2526"]
[BlackElo "2566"]

1.e4 c5 2.c3 d5 3.exd5 Qxd5 4.d4 g6 5.Nf3 Bg7 6.Na3 Nh6 7.Bc4 Qe4+ 8.Be3 cxd4
9.cxd4 O-O 10.O-O Bg4 11.Bxh6 Bxh6 12.Re1 Bxf3 13.Rxe4 Bxd1 14.Rxd1 Bg5 15.Re5 Bf6
16.Rb5 Nc6 17.Rxb7 Nxd4 18.b3 Rfb8 19.Rd7 Rd8 20.Rxd8+ Rxd8 21.Kf1 e6  1/2-1/2

[Event "FKB ch-USA Qualifier"]
[Site "Tulsa USA"]
[Date "2008.03.29"]
[Round "3"]
[White "Bhat,V"]
[Black "Kudrin,S"]
[Result "1/2-1/2"]
[WhiteElo "2481"]
[BlackElo "2566"]

1.d4 Nf6 2.c4 g6 3.Nc3 d5 4.Bf4 Bg7 5.e3 O-O 6.Rc1 Be6 7.Qb3 b6 8.Nf3 c5
9.Rd1 dxc4 10.Bxc4 Bxc4 11.Qxc4 cxd4 12.Nxd4 Qc8 13.Qe2 Nc6 14.O-O Nxd4 15.exd4 Qb7
16.d5 Rfd8 17.d6 exd6 18.Bxd6 Re8 19.Qb5 Ne4  1/2-1/2

[Event "FKB ch-USA Qualifier"]
[Site "Tulsa USA"]
[Date "2008.03.30"]
[Round "7"]
[White "Shankland,S"]
[Black "Kudrin,S"]
[Result "1/2-1/2"]
[WhiteElo "2279"]
[BlackElo "2566"]

1.e4 c5 2.Nf3 d6 3.d4 cxd4 4.Nxd4 Nf6 5.Nc3 g6 6.Be3 a6 7.f3 b5 8.Qd2 Bb7
9.a4 e5 10.Nb3 b4 11.Nd5 Nxd5 12.exd5 Nd7 13.a5 Qc7 14.c4 bxc3 15.bxc3 Bg7
16.c4 O-O 17.Rb1 Rfb8 18.Be2 Bc8 19.O-O Rb7 20.c5 Rab8 21.cxd6 Qxd6 22.Rfc1  1/2-1/2

[Event "Marshall NY Int"]
[Site "New York USA"]
[Date "2008.06.21"]
[Round "1"]
[White "Liu,E"]
[Black "Kudrin,S"]
[Result "1/2-1/2"]
[WhiteElo "2252"]
[BlackElo "2549"]

1.e4 c5 2.Nc3 g6 3.f4 Bg7 4.Nf3 Nc6 5.Bb5 Nd4 6.Bd3 Nf6 7.O-O O-O 8.Nxd4 cxd4
9.Ne2 e5 10.c3 dxc3 11.dxc3 Ng4 12.Qe1 d5 13.h3 dxe4 14.Bxe4 Qb6+ 15.Kh1 Ne3
16.Rf3 Nc4 17.fxe5 Nxe5 18.Rf1 f5 19.Bd5+ Be6 20.Bxe6+ Qxe6 21.Nd4 Qd5 22.Qh4 Nd3
23.Bh6 Rae8 24.Bxg7 Kxg7 25.Rad1 Qe4 26.Qg3 Nxb2  1/2-1/2

[Event "Okla Op State Ch"]
[Site "Stillwater USA"]
[Date "2008.11.08"]
[Round "1"]
[White "Kudrin,S"]
[Black "Hughes,D"]
[Result "1-0"]
[WhiteElo "2553"]
[BlackElo "2018"]

1.e4 c5 2.Nf3 g6 3.d4 Bg7 4.Nc3 cxd4 5.Nxd4 Nc6 6.Be3 Nf6 7.Bc4 O-O 8.Bb3 d6
9.f3 Na5 10.Qd2 Nxb3 11.axb3 Bd7 12.g4 e5 13.Nde2 Qc7 14.O-O-O Rac8 15.Qxd6 Qa5
16.g5 Qa1+ 17.Kd2 Rc6 18.Qxf8+ Bxf8 19.Rxa1 Nh5 20.Rxa7  1-0

[Event "Okla Op State Ch"]
[Site "Stillwater USA"]
[Date "2008.11.08"]
[Round "2"]
[White "Orton,W"]
[Black "Kudrin,S"]
[Result "0-1"]
[WhiteElo "2167"]
[BlackElo "2553"]

1.e4 c5 2.c3 d5 3.exd5 Qxd5 4.d4 e6 5.Nf3 Nf6 6.Be3 cxd4 7.cxd4 Bb4+ 8.Nc3 Bd7
9.Bd3 Bb5 10.O-O Bxc3 11.bxc3 O-O 12.Bxb5 Qxb5 13.Qb3 Qd7 14.Ne5 Qe7 15.Rab1 b6
16.c4 Nbd7 17.Nxd7 Qxd7 18.h3 Rac8 19.Rfd1 Rc6 20.Rbc1 Rfc8 21.Rd2 Nd5 22.Rdc2 Ne7
23.g4 h6 24.Qb5 Qc7 25.Qh5 Nd5 26.Bd2 Nf4 27.Bxf4 Qxf4 28.Qe5 Qxe5 29.dxe5 Rc5
30.f4 g5 31.Kf2 gxf4 32.Kf3 Rxe5 33.Kxf4 Rec5  0-1

[Event "Okla Op State Ch"]
[Site "Stillwater USA"]
[Date "2008.11.09"]
[Round "4"]
[White "Galant,S"]
[Black "Kudrin,S"]
[Result "0-1"]
[WhiteElo "2176"]
[BlackElo "2553"]

1.e4 c5 2.c3 d5 3.exd5 Qxd5 4.d4 Nf6 5.Nf3 e6 6.Be2 Be7 7.O-O O-O 8.dxc5 Qxc5
9.Qd4 Nbd7 10.Qxc5 Nxc5 11.Nbd2 b6 12.Nd4 Bb7 13.N2f3 Rac8 14.Bf4 Nd5 15.Bg3 Ne4
16.Rad1 Rfd8 17.Bd3 Nxg3 18.hxg3 Nf6 19.Rfe1 Bd6 20.Bc2 a6 21.Bb3 Bd5 22.Bxd5 Nxd5
23.Ne5 Ne7 24.Nef3 b5 25.a3 h6 26.Rd3 Nd5 27.Red1 Bb8 28.Nf5 Re8 29.Ne3 Nf6
30.Nd4 g6 31.Ndc2 Ne4 32.Rd4 Nc5 33.Ne1 Na4 34.R4d2 Kg7 35.Nf3 Nc5 36.Ng4 e5
37.Rd5 e4 38.Nd4 Na4 39.Rd2 Nb6 40.Ne3 Nxd5 41.Nxd5 Ba7 42.Nb4 Bxd4 43.cxd4 Rc1+
44.Kh2 e3 45.fxe3 Rxe3 46.g4 Ree1 47.d5 Rcd1 48.Rf2 a5 49.Nc6 Rxd5 50.Nxa5 Re4
51.Kh3 b4 52.axb4 Rxb4 53.Nc6 Rc4 54.Nb8 Rd8 55.Na6 Ra8  0-1

[Event "UTD Invitational GM"]
[Site "Richardson USA"]
[Date "2008.11.26"]
[Round "2"]
[White "Bartholomew,J"]
[Black "Kudrin,S"]
[Result "1/2-1/2"]
[WhiteElo "2453"]
[BlackElo "2553"]

1.d4 Nf6 2.c4 g6 3.Nc3 d5 4.Bg5 Ne4 5.Bh4 Nxc3 6.bxc3 dxc4 7.Qa4+ Qd7 8.Qxc4 Bg7
9.Nf3 O-O 10.Bg3 Nc6 11.e3 b6 12.Be2 Bb7 13.O-O Rfd8 14.Rfd1 Rac8 15.Rac1 Na5
16.Qb4 Qe8 17.Bb5 Bc6 18.Ba6 Bb7 19.Bb5 Bc6 20.Ba6  1/2-1/2

[Event "UTD Invitational GM"]
[Site "Richardson USA"]
[Date "2008.11.28"]
[Round "5"]
[White "Bercys,S"]
[Black "Kudrin,S"]
[Result "1/2-1/2"]
[WhiteElo "2428"]
[BlackElo "2553"]

1.d4 Nf6 2.c4 g6 3.f3 d5 4.cxd5 Nxd5 5.e4 Nb6 6.Nc3 Bg7 7.Be3 O-O 8.Qd2 Nc6
9.O-O-O f5 10.e5 Nb4 11.f4 Be6 12.a3 Na2+ 13.Nxa2 Bxa2 14.Ne2 e6 15.Qc2 Bc4
16.Nc3 Bxf1 17.Rhxf1 c6 18.Kb1 Rf7 19.h3 Nd5 20.Nxd5 Qxd5 21.Rd2 Bf8 22.Rc1 Rd8
23.Qc4 Rfd7 24.Qxd5 Rxd5 25.Rcd1 Be7 26.Kc2 R8d7 27.Rd3 Kf7 28.R1d2 Bh4 29.Rd1 h6
30.Rc3 g5 31.Rc5 Kg6 32.Rxd5 Rxd5 33.fxg5 hxg5 34.Bg1 f4 35.Kd3 Kf5 36.Rd2 Be1
37.Re2 Ba5 38.Rc2 Bb6 39.Kc4 g4 40.hxg4+ Kxg4 41.Rc3 Bd8 42.Rf3 Bg5  1/2-1/2

[Event "UTD Invitational GM"]
[Site "Richardson USA"]
[Date "2008.11.29"]
[Round "7"]
[White "Zivanic,M"]
[Black "Kudrin,S"]
[Result "0-1"]
[WhiteElo "2465"]
[BlackElo "2553"]

1.d4 Nf6 2.c4 g6 3.Nc3 d5 4.Nf3 Bg7 5.Bg5 Ne4 6.cxd5 Nxg5 7.Nxg5 e6 8.Qd2 exd5
9.Qe3+ Kf8 10.Qf4 Bf6 11.h4 h6 12.Nf3 Be6 13.e3 c6 14.Bd3 Nd7 15.O-O-O Qb8
16.Ne2 Qxf4 17.Nxf4 Bg4 18.Be2 Be7 19.Ne1 Nf6 20.Ned3 Bd6 21.Bxg4 Nxg4 22.Rd2 Kg7
23.g3 Rae8 24.Kd1 Nf6 25.Ke2 g5 26.Ng2 Ne4 27.Rdd1 b6 28.Nc1 Re6 29.a3 Rf6
30.Rdf1 Rxf2+ 31.Rxf2 Nxg3+ 32.Kf3 Nxh1 33.Rc2 Ng3 34.Rxc6 Ne4 35.Nd3 Re8
36.hxg5 hxg5 37.Nge1 Re6 38.Nc2 Rf6+ 39.Ke2 g4 40.Nce1 Rh6 41.Ng2 Rh2 42.Ne1 Bg3
43.Rc2 Kf6 44.b4 Kg5 45.a4 Bxe1 46.Kxe1 g3 47.Kf1 Kg4 48.Kg1 Kf3 49.b5 f6
50.Rb2 Ng5  0-1

[Event "UTD Invitational GM"]
[Site "Richardson USA"]
[Date "2008.11.29"]
[Round "8"]
[White "Kudrin,S"]
[Black "Boskovic,D"]
[Result "1-0"]
[WhiteElo "2553"]
[BlackElo "2452"]

1.e4 c5 2.Nf3 Nc6 3.d4 cxd4 4.Nxd4 g6 5.Nc3 Bg7 6.Be3 Nf6 7.Bc4 O-O 8.Bb3 Qa5
9.O-O d6 10.h3 Bd7 11.Re1 Qh5 12.Nf3 Na5 13.Bd4 Nc6 14.Be3 Na5 15.Bg5 Bc6
16.Ne2 Bxe4 17.Ng3 Bxf3 18.Qc1 Nxb3 19.axb3 Qxg5 20.Qxg5 h6 21.Qc1  1-0

[Event "UTD Invitational GM"]
[Site "Richardson USA"]
[Date "2008.11.30"]
[Round "9"]
[White "Wang Puchen"]
[Black "Kudrin,S"]
[Result "1/2-1/2"]
[WhiteElo "2450"]
[BlackElo "2553"]

1.c4 c5 2.Nc3 g6 3.g3 Bg7 4.Bg2 Nc6 5.d3 e6 6.Bd2 Nge7 7.Qc1 h6 8.Nf3 d5
9.O-O b6 10.a3 Nd4 11.Qd1 Bb7 12.cxd5 Nxf3+ 13.Bxf3 Nxd5 14.Qa4+ Qd7 15.Qxd7+ Kxd7
16.Bg2 Bc6 17.Rab1 Rhc8 18.Rfc1 Ne7 19.b4 Bxg2 20.Kxg2 f5  1/2-1/2

[Event "35th Eastern Open"]
[Site "Washington DC USA"]
[Date "2008.12.30"]
[Round "7"]
[White "Kudrin,S"]
[Black "Ludwig,Dan"]
[Result "1/2-1/2"]
[WhiteElo "2553"]
[BlackElo "2400"]

1.e4 c5 2.Nf3 d6 3.d4 cxd4 4.Nxd4 Nf6 5.Nc3 e6 6.g4 h6 7.h3 Nc6 8.Be3 a6
9.Bg2 Ne5 10.Qe2 g5 11.O-O-O Qc7 12.f4 gxf4 13.Bxf4 b5 14.Qf2 Nfd7 15.Kb1 Bb7
16.Nce2 O-O-O 17.Ng3 Kb8 18.b3 Be7 19.Qd2 Rdg8 20.Nh5 Rg6 21.Ne2 Rc8 22.Rhf1 Ka8
23.Be3 Nf6 24.Nxf6 Bxf6 25.Nf4 Bg5 26.Nxg6 Bxe3 27.Qxe3 Qxc2+ 28.Ka1 Qxg2
29.Rf2 Nxg4 30.hxg4 Qxg4 31.Rxd6 Qxg6 32.Kb2 h5 33.Rd7 Qxe4 34.Qxe4 Bxe4
35.Rdxf7 Bf5 36.Ka3 a5 37.Rd2 h4 38.Rdd7 Rh8 39.Ra7+ Kb8 40.Rfb7+ Kc8 41.Rc7+ Kb8
42.Rcb7+ Kc8 43.b4 Be4 44.Ra8+ Kxb7 45.Rxh8 a4 46.Rxh4 Bd5 47.Kb2 Kc6 48.a3 Bc4
49.Kc3 e5 50.Kd2 Kd5 51.Ke3 Ba2 52.Rg4 Bb3 53.Rg8 Ke6 54.Rc8 Bc4 55.Rc6+ Kf5
56.Rc5 Bf1 57.Rc2 Bc4 58.Rd2 Bb3 59.Rd6 Ba2 60.Rd8 Bb3  1/2-1/2

[Event "Eastern Class Ch"]
[Site "Sturbridge USA"]
[Date "2009.03.08"]
[Round "5"]
[White "Kudrin,S"]
[Black "Mac Intyre,P"]
[Result "1-0"]
[WhiteElo "2562"]
[BlackElo "2281"]

1.e4 e5 2.Nf3 Nc6 3.Bb5 a6 4.Ba4 Nf6 5.d3 Bc5 6.c3 b5 7.Bb3 d6 8.O-O O-O
9.Bg5 h6 10.Bh4 g5 11.Bg3 Bg4 12.Re1 a5 13.a4 b4 14.Nbd2 Rb8 15.Bc4 Qe7 16.Qc2 Nh5
17.Bd5 bxc3 18.bxc3 Nxg3 19.hxg3 Qd7 20.Bc4 Qe7 21.Nf1 Qf6 22.Ne3 Bxe3 23.Rxe3 Rb6
24.Nd2 Rfb8 25.Bb5 Be6 26.Rf3 Qg6 27.Nc4 Bxc4 28.Bxc4 Nd8 29.d4 Kg7 30.dxe5 dxe5
31.Rd1 Rd6 32.Rf5 Rxd1+ 33.Qxd1 Qd6 34.Qh5 Rb1+ 35.Kh2 Qe7 36.f4 f6 37.fxe5 fxe5
38.Qf3 Ra1 39.Qd3 c6 40.Bb3 Qe8 41.g4 Qe7 42.Qc4 Qe8 43.Qc5 Rb1 44.Rxe5 Qf8
45.Re7+ Kg6 46.Qd6+ Qf6 47.e5  1-0

[Event "27th NAO OCF FIDE Open"]
[Site "Stillwater USA"]
[Date "2009.05.23"]
[Round "1"]
[White "Kudrin,S"]
[Black "Temple,J"]
[Result "1-0"]
[WhiteElo "2563"]
[BlackElo "1925"]

1.e4 c5 2.Nf3 g6 3.d4 cxd4 4.Qxd4 Nf6 5.e5 Nc6 6.Qa4 Nd5 7.Qe4 Nb6 8.Nc3 Bg7
9.Bf4 O-O 10.O-O-O f6 11.Bc4+ Nxc4 12.Qxc4+ Kh8 13.exf6 Bxf6 14.h4 d6 15.h5 Bf5
16.g4 Bxg4 17.hxg6 h5 18.Rxh5+ Bxh5 19.Rh1 Kg7 20.Rxh5 Bxc3 21.Rh7+ Kxg6
22.Qe4+ Rf5 23.Rh6+ Kg7 24.Qxf5  1-0

[Event "27th NAO OCF FIDE Open"]
[Site "Stillwater USA"]
[Date "2009.05.24"]
[Round "5"]
[White "Kudrin,S"]
[Black "Galant,S"]
[Result "1-0"]
[WhiteElo "2563"]
[BlackElo "2183"]

1.e4 e6 2.d4 d5 3.Nd2 Nf6 4.e5 Nfd7 5.c3 c5 6.Bd3 Nc6 7.Ne2 cxd4 8.cxd4 f6
9.exf6 Nxf6 10.Nf3 Bd6 11.O-O O-O 12.Bf4 Bxf4 13.Nxf4 Qd6 14.g3 Ne4 15.Re1 Rxf4
16.gxf4 Qxf4 17.Bxe4 dxe4 18.Ne5 Nxe5 19.dxe5 Qg5+ 20.Kh1 b6 21.Qd6 Qf5 22.Qd8+ Qf8
23.Qxf8+ Kxf8 24.Rac1 Bb7 25.Rc7 Bd5 26.Kg1 a5 27.Rec1 Bxa2 28.Rd7 e3 29.fxe3 Bd5
30.Rcc7 Be4 31.Rxg7 b5 32.Kf2 a4 33.Kg3 b4 34.Rcf7+ Ke8 35.Rf4 a3 36.bxa3 bxa3
37.Rxe4 Kf8 38.Reg4 Ra5 39.Rg8+ Ke7 40.R4g7+  1-0

[Event "110th US Open"]
[Site "Indianapolis USA"]
[Date "2009.08.02"]
[Round "2"]
[White "Kudrin,S"]
[Black "Chiang,M"]
[Result "1-0"]
[WhiteElo "2578"]
[BlackElo "1927"]


1.e4 e5 2.Bc4 Nf6 3.d3 Nc6 4.Nf3 d6 5.Ng5 d5 6.exd5 Na5 7.Bb5+ c6 8.dxc6 bxc6
9.Ba4 Be7 10.O-O O-O 11.Bd2 Rb8 12.Qe1 Qd4 13.Nc3 Bg4 14.b3 Bb4 15.a3 Be7
16.h3 Bh5 17.Ne2 Bxe2 18.Qxe2 Nb7 19.Nf3 Qd6 20.Nxe5  1-0

[Event "110th US Open"]
[Site "Indianapolis USA"]
[Date "2009.08.04"]
[Round "4"]
[White "Kudrin,S"]
[Black "Rensch,D"]
[Result "1-0"]
[WhiteElo "2578"]
[BlackElo "2392"]


1.e4 c5 2.Nf3 d6 3.d4 cxd4 4.Nxd4 Nf6 5.Nc3 a6 6.h3 Qc7 7.g4 e5 8.Nf5 d5
9.Nxd5 Nxd5 10.Qxd5 Bxf5 11.exf5 Bb4+ 12.Bd2 Nc6 13.c3 Rd8 14.Qe4 Bc5 15.Be3 Bxe3
16.Qxe3 Ne7 17.Bg2 O-O 18.O-O Nd5 19.Qe4 b6 20.Rfe1 f6 21.Bf1 Nf4 22.Qc4+ Qxc4
23.Bxc4+ Kh8 24.Bxa6 Rd2 25.Bf1 g6 26.fxg6 Rxb2 27.Reb1 Rc2 28.Rxb6 Rxc3
29.a4 hxg6 30.a5 Rf7 31.a6 Rcc7 32.Rab1 Kg7 33.Rb7 Kh6 34.a7 Rxb7 35.Rxb7 Rxb7
36.a8=Q Rb1 37.h4  1-0

[Event "110th US Open"]
[Site "Indianapolis USA"]
[Date "2009.08.06"]
[Round "6"]
[White "Kudrin,S"]
[Black "Antal,Ge"]
[Result "1-0"]
[WhiteElo "2578"]
[BlackElo "2479"]


1.e4 c6 2.d4 d5 3.Nc3 dxe4 4.Nxe4 Bf5 5.Ng3 Bg6 6.h4 h6 7.Nf3 Nd7 8.h5 Bh7
9.Bd3 Bxd3 10.Qxd3 Ngf6 11.Bf4 Qa5+ 12.Bd2 Qa4 13.a3 e6 14.b3 Qb5 15.c4 Qb6
16.O-O Qc7 17.Rfe1 O-O-O 18.b4 Bd6 19.Ne4 Nxh5 20.a4 Bf4 21.a5 Nhf6 22.b5 Nxe4
23.b6 axb6 24.axb6 Nxb6 25.Bxf4 Qxf4 26.Rxe4 Qc7 27.c5 Nd7 28.Ra8+ Nb8 29.Ne5 Rd5
30.Qb3 Rhd8 31.Nc4 R8d7 32.Qa4 f5 33.Rxe6 Rxd4 34.Re8+ Rd8 35.Nb6+ Qxb6 36.cxb6 Rxa4
37.Rxb8+  1-0

[Event "110th US Open"]
[Site "Indianapolis USA"]
[Date "2009.08.07"]
[Round "7"]
[White "Kudrin,S"]
[Black "Burnett,R"]
[Result "1/2-1/2"]
[WhiteElo "2578"]
[BlackElo "2368"]


1.e4 g6 2.d4 d6 3.Nc3 Nf6 4.h3 c6 5.a4 Bg7 6.g4 Qa5 7.Bd2 e5 8.d5 h6 9.Bc4 Qc7
10.a5 Nbd7 11.Nge2 b5 12.axb6 Nxb6 13.Bb3 cxd5 14.exd5 O-O 15.g5 hxg5 16.Bxg5 Nh5
17.Ng3 Nxg3 18.fxg3 Nd7 19.Qd2  1/2-1/2

[Event "110th US Open"]
[Site "Indianapolis USA"]
[Date "2009.08.09"]
[Round "9"]
[White "Kudrin,S"]
[Black "Lenderman,A"]
[Result "1/2-1/2"]
[WhiteElo "2578"]
[BlackElo "2504"]


1.e4 c6 2.Nc3 d5 3.Nf3 Bg4 4.h3 Bxf3 5.Qxf3 e6 6.g3 Nf6 7.Bg2 Nbd7 8.d3 Bb4
9.Bd2 d4 10.Nb1 Qb6 11.O-O O-O 12.Bc1 e5 13.Qe2 Rfe8 14.Nd2 Bxd2 15.Qxd2 c5
16.Qe2 Rac8 17.a4 Qc7 18.b3 b6 19.h4 a6 20.g4 Nf8 21.Bh3 N6d7 22.g5 Ne6 23.f4 exf4
24.Qh2 f3 25.Qxc7 Rxc7 26.Rxf3 Ne5 27.Rf2 Rb7 28.Kg2 Nf8 29.Bf4 Nfd7 30.Bg3 Re7
31.Kh2 Ra7 32.Kh1 g6 33.Kg2 Rb7 34.Kh2 Ra7 35.Kg2 Rb7 36.Bh2 Ra7 37.Bf4 Rb7
38.Bh2 Ra7 39.Bf4 Rb7 40.Rff1 Ra7 41.Bg3 Rb7  1/2-1/2

[Event "Continental Class Ch"]
[Site "Arlington USA"]
[Date "2010.10.10"]
[Round "6"]
[White "Kudrin,S"]
[Black "Kaufman,La"]
[Result "1-0"]
[WhiteElo "2546"]
[BlackElo "2413"]

1.e4 c6 2.d4 d5 3.Nc3 dxe4 4.Nxe4 Bf5 5.Ng3 Bg6 6.h4 h6 7.Nf3 Nd7 8.h5 Bh7
9.Bd3 Bxd3 10.Qxd3 e6 11.Bd2 Ngf6 12.O-O-O Be7 13.Ne4 Nxe4 14.Qxe4 Nf6 15.Qd3 O-O
16.g4 Nxg4 17.Rhg1 f5 18.Qb3 Qd5 19.c4 Qd6 20.Ne5 Qxd4 21.Ng6 Bf6 22.Bb4 Qxb2+
23.Qxb2 Bxb2+ 24.Kxb2 Rfd8 25.Be7 Rxd1 26.Rxd1 Nxf2 27.Rd7 b6 28.Bb4 Ne4
29.Bc3 Nxc3 30.Kxc3 c5 31.Re7 a6 32.Rxe6 b5 33.Re5 Kf7 34.Rxf5+ Ke6 35.Rxc5 bxc4
36.Kxc4 Kd6 37.Rd5+ Kc7 38.Kc5 Rb8 39.a4 Rb1 40.Ne5 Rc1+ 41.Nc4 Rf1 42.Re5 Rf7
43.a5 Rd7 44.Nb6 Rf7 45.Nc4 Rd7 46.Re6 Rf7 47.Ne5 Rf5 48.Re7+ Kd8 49.Kd6 Rf6+  1-0

[Event "Continental Class Ch"]
[Site "Arlington USA"]
[Date "2010.10.11"]
[Round "8"]
[White "Kudrin,S"]
[Black "Perelshteyn,E"]
[Result "1/2-1/2"]
[WhiteElo "2546"]
[BlackElo "2528"]

1.e4 c5 2.Nf3 g6 3.d4 cxd4 4.Nxd4 Nc6 5.c4 Bg7 6.Be3 Nf6 7.Nc3 d6 8.Be2 O-O
9.O-O Nxd4 10.Bxd4 Bd7 11.Qd3 a5 12.c5 dxc5 13.Bxc5 Bc6 14.Qe3 Re8 15.Rfd1 Qb8
16.a4 Nd7 17.Ba3 Be5 18.g3 Bc7 19.Nd5 Bd8 20.Bb5 e6 21.Nc3 Bb6 22.Qe2 Ne5
23.Bd6 Bc7 24.Bc5 f6 25.Rac1 Nf7 26.Bc4 Bd6 27.Bb6 Bc7 28.Bc5 Bd6 29.Bb6 Bc7
30.Bc5  1/2-1/2

[Event "Continental Class Ch"]
[Site "Arlington USA"]
[Date "2010.10.11"]
[Round "9"]
[White "Kudrin,S"]
[Black "Yang,Dar"]
[Result "1-0"]
[WhiteElo "2546"]
[BlackElo "2402"]

1.e4 e6 2.d4 d5 3.Nd2 c5 4.exd5 exd5 5.Ngf3 Nc6 6.Bb5 Bd6 7.dxc5 Bxc5 8.O-O Ne7
9.Nb3 Bd6 10.Re1 O-O 11.Bg5 h6 12.Bh4 Bg4 13.Bg3 Rc8 14.c3 a6 15.Be2 Re8
16.Nfd4 Bxe2 17.Qxe2 Qd7 18.Qd3 Ng6 19.Nxc6 Qxc6 20.Nd4 Qb6 21.Re2 Rxe2 22.Qxe2 Bc5
23.Nb3 d4 24.Qg4 Rd8 25.Qf5 Be7 26.cxd4 Bf6 27.Rc1 Qb4 28.h3 Qa4 29.Rc8 Qxa2
30.Rxd8+ Bxd8 31.Qc8 Qxb3 32.Qxd8+ Kh7 33.d5 Qxb2 34.d6 Qd4 35.Qe8 Nf4 36.d7 Ne6
37.Qxf7 Nf8 38.Qxf8 Qxd7 39.Qc5 b5 40.Qb6 Qc8 41.Be5  1-0

[Event "US Amateur Team-ch East"]
[Site "Parsippany USA"]
[Date "2011.02.20"]
[Round "3"]
[White "Kudrin,S"]
[Black "Ippolito,D"]
[Result "1-0"]
[WhiteElo "2545"]
[BlackElo "2478"]

1.e4 e5 2.Bc4 Nf6 3.d3 c6 4.Nf3 Be7 5.O-O Qc7 6.Re1 O-O 7.Bb3 d6 8.c3 h6
9.Nbd2 Nbd7 10.d4 Re8 11.Nf1 Bf8 12.Ng3 Nb6 13.h3 Be6 14.Bc2 g6 15.b3 Bg7
16.Be3 Rad8 17.Qc1 Kh7 18.a4 Nbd7 19.c4 Rc8 20.Qd2 d5 21.exd5 cxd5 22.dxe5 Ne4
23.Nxe4 dxe4 24.Bxe4 Nxe5 25.Nxe5 Qxe5 26.Bxb7 Rcd8 27.Bd5 Bxd5 28.cxd5 Rxd5
29.Qc2 Qxa1 30.Rxa1 Bxa1 31.Bxa7 Re1+ 32.Kh2 Be5+ 33.g3 Rdd1 34.a5 Rh1+ 35.Kg2 Rdg1+
36.Kf3 Rxh3 37.Qc4 Kg7 38.Bd4 Rh5 39.a6 Rf5+ 40.Ke2 Bxd4 41.Qxd4+ Kh7 42.b4 Rc1
43.g4 Rg5 44.Qd7 Kg7 45.f4  1-0

[Event "134th ch-New York State"]
[Site "Colonie USA"]
[Date "2012.09.03"]
[Round "6"]
[White "Smith,Bry"]
[Black "Kudrin,S"]
[Result "1-0"]
[WhiteElo "2451"]
[BlackElo "2534"]

1.e4 c5 2.Nf3 d6 3.d4 cxd4 4.Nxd4 Nf6 5.Nc3 g6 6.Be3 Bg7 7.f3 a6 8.Qd2 h5
9.Bc4 Nbd7 10.O-O-O Ne5 11.Bb3 b5 12.f4 Nc4 13.Bxc4 bxc4 14.Nf3 O-O 15.Bd4 Rb8
16.e5 dxe5 17.Bxe5 Qb6 18.Bxb8 Ne4 19.Ba7 Qxa7 20.Nxe4 Bf5 21.Nc3 Rb8 22.Ne5 Qb7
23.b3 Be6 24.Nd5 cxb3 25.axb3 Kh7 26.Qa5 Rc8 27.Rd3 Bf5 28.Rhd1 Bxd3 29.Rxd3 e6
30.Qb6 Qa8 31.Ne3 Qe4 32.Qd4 Qb7 33.g4 Qh1+ 34.Kb2 Qxh2 35.Rd2 Qh3 36.gxh5 g5
37.fxg5 Qxh5 38.Qf4 Rc5 39.Ng4 Kg8 40.Nf6+ Bxf6 41.Qxf6  1-0